000 00458nam a22001697a 4500
003 NUST - PNEC
005 20170116181141.0
008 151008b xxu||||| |||| 00| 0 eng d
020 _a0071006974
040 _cLIBRARY
082 _a681.2 DOE
100 _914726
_aDoebelin, Ernest O.
245 _aMeasurement systems : application and design
_cErnest O. Doebelin
260 _cc.1990
650 _914729
_aMeasuring instruments
_xME
942 _2ddc
_cBK
999 _c70526
_d70526